Städte in Japan - Sudden Death - Statistiken

Allgemein
  • Dieses Quiz wurde 317 mal gespielt
  • Das Durchschnittsergebnis liegt bei 11 aus 16
Answers on the Grid
Answers color-coded by a green-red scale on the quiz's grid according to % correct below.
Tokio
Sapporo
Ōsaka
Kyōto
Nagoya
Fukuoka
Yokohama
Hiroshima
Sendai
Okayama
Kōbe
Kawasaki
Kōchi
Kitakyūshū
Toyota
Daegu
Gwangju
Changsha
Shenyang
Cebu
Surabaya
Kuching
Karachi
Nashik
Rangun
Chiang Mai
Haikou
Naha
Jeju
Yantai
 
Antwortstatistiken
Antwort % Korrekt
Tokio
93%
Kyōto
92%
Hiroshima
91%
Ōsaka
88%
Yokohama
88%
Kōbe
84%
Sapporo
70%
Fukuoka
69%
Kawasaki
66%
Nagoya
65%
Okayama
64%
Kitakyūshū
47%
Kōchi
46%
Toyota
42%
Sendai
36%
Naha
23%
Keine übereinstimmenden Quizze gefunden
Verteilung der Resultate
Anzahl Personen mit jedem Resultat
Perzentil nach korrekt beantworteten Fragen
Ihre Resultats-Entwicklung
Sie haben dieses Quiz noch nicht gespielt